00478 2200169 4500245006200000020002200062250001000084100001600094650002900110005001900139260002700158041001400185084001000199500003700209490005300246336000900299 aCara Beribahah Menurut Islam Volume 02cSYARIF ALWIhText a978-602-8593-00-7 aCet.1 aSYARIF ALWI aEnsiklopedia Agama Islam a20231208103200 aJakartabKALAM PUBLIKA aIndonesia a297.3 aDaftar Isi : Salat, Salat, Salat aEnsiklopedia CARA BERIBADAH MENURUT ISLAM VOL.02 atext